Embedded aplikácie s podporou RTOS na mikrokontroléroch STM32, EPS8266 a ESP32
Salvato in:
| Autore principale: | |
|---|---|
| Altri autori: | |
| Natura: | Manoscritto Libro |
| Lingua: | slovacco |
| Pubblicazione: |
2021
|
| Soggetti: | |
| Accesso online: | http://is.stuba.sk/zp/portal_zp.pl?podrobnosti=158404 |
| Tags: |
Nessun Tag, puoi essere il primo ad aggiungerne!!
|
MARC
| LEADER | 00000ntm a22000003a 4500 | ||
|---|---|---|---|
| 001 | stuzp84602 | ||
| 003 | SK-STU | ||
| 005 | 20210612213331.3 | ||
| 007 | ta | ||
| 008 | 150427s2015----xo-----f-mn---000-0-slo-d | ||
| 040 | |a STU |b slo | ||
| 041 | 0 | |a slo | |
| 100 | 1 | |a Schmidt, Erik |u 066000 |k Z4 |4 aut |U MTF Materiálovotechnologická fakulta |T MTF Ústav aplikovanej informatiky, automatizácie a mechatroniky |X 85419 |U M6000 |Y 86 |7 85419 | |
| 242 | 0 | 1 | |a Embedded applications with RTOS support on STM32, EPS8266 and ESP32 microcontrollers |y eng |
| 245 | 1 | 0 | |a Embedded aplikácie s podporou RTOS na mikrokontroléroch STM32, EPS8266 a ESP32 |
| 260 | |c 2021 | ||
| 650 | 4 | |a embedded aplikácie |2 slo | |
| 650 | 4 | |a mikrokontrolér |2 slo | |
| 650 | 4 | |a STM32 |2 slo | |
| 650 | 4 | |a ESP32 |2 slo | |
| 650 | 4 | |a ESP8266 |2 slo | |
| 650 | 4 | |a výkonnostné testy |2 slo | |
| 650 | 4 | |a FreeRTOS |2 slo | |
| 650 | 4 | |a Zephyr |2 slo | |
| 650 | 4 | |a RTOS |2 slo | |
| 650 | 4 | |a embedded applications |2 eng | |
| 650 | 4 | |a microcontroller |2 eng | |
| 650 | 4 | |a STM32 |2 eng | |
| 650 | 4 | |a RTOS |2 eng | |
| 650 | 4 | |a ESP32 |2 eng | |
| 650 | 4 | |a ESP8266 |2 eng | |
| 650 | 4 | |a performance tests |2 eng | |
| 650 | 4 | |a FreeRTOS |2 eng | |
| 650 | 4 | |a Zephyr |2 eng | |
| 700 | 1 | |a Ďuďák, Juraj |u 066000 |k Z1 |4 ths |U MTF Materiálovotechnologická fakulta |T MTF Ústav aplikovanej informatiky, automatizácie a mechatroniky |X 53397 |U M6000 |Y 86 |7 A000053397 | |
| 856 | 4 | |u http://is.stuba.sk/zp/portal_zp.pl?podrobnosti=158404 | |
| 996 | |c M* DP-14767 |l MMSKP |s P |a 0 |w stuzp84602_0001 | ||